| 000 | 00334nam a22001337a 4500 | ||
|---|---|---|---|
| 999 |
_c4361 _d4361 |
||
| 003 | GBCCL | ||
| 005 | 20241126110516.0 | ||
| 008 | 180119b xxu||||| |||| 00| 0 eng d | ||
| 040 | _cgbc | ||
| 245 |
_aApples of Gold / _cCompiled by Jo Petty |
||
| 260 |
_aConnecticut: _bC. R. Gibson Company |
||
| 300 |
_a86 p.; _c21 cm. |
||
| 942 |
_2ddc _cBK |
||